000 00747nam a2200217 i 4500
001 78115
003 ES-MaACL
005 20250806014154.0
007 t|
008 041011s1974 mx af |||| | spa d
130 0 _aHarrison's principles of internal medicine.
_lEspañol.
_9121952
245 1 0 _aMedicina interna /
_cHarrison ; [traducido por Carolina Amor de Fournier ... et al.].
250 _a4ª ed., 2ª reimp.
260 _a[México] :
_bLa Prensa Médica Mexicana,
_c1974.
300 _aXXVII, 2298 p., 7 lám. :
_bil. ;
_c28 cm.
650 0 7 _aMedicina interna
_2embne
_914925
700 1 _aHarrison, Tinsley Randolph.
_961943
700 1 _aAmor de Fournier, Carolina.
_921291
852 _aES-MaACL
_jE-9678
999 _c78115
_d78115